LIBRARY & INFORMATION CENTRE, KCAET, TAVANUR

ONLINE PUBLIC ACCESS CATALOGUE (OPAC)

Inside Autocad / (Record no. 9083)

MARC details
000 -LEADER
fixed length control field 00413cam a2200169ua 4500
041 ## - LANGUAGE CODE
Language code of text/sound track or separate title eng
082 ## - DEWEY DECIMAL CLASSIFICATION NUMBER
Classification number 005.369
Item number RAK/IN
100 ## - MAIN ENTRY--AUTHOR NAME
Personal name Raker, Daniel .
245 ## - TITLE STATEMENT
Title Inside Autocad /
250 ## - EDITION STATEMENT
Edition statement 5 /
260 ## - PUBLICATION, DISTRIBUTION, ETC. (IMPRINT)
Place of publication Dubai :
Name of publisher Micro- Tech publications ,
Year of publication 1989.
300 ## - PHYSICAL DESCRIPTION
Number of Pages 811 ; .
700 1# - ADDED ENTRY--PERSONAL NAME
Personal name Rice, Herbert .
942 ## - ADDED ENTRY ELEMENTS (KOHA)
Koha item type Books
Holdings
Withdrawn status Lost status Damaged status Home library Current library Date acquired Full call number Accession Number Koha item type
      KAUAET KAUAET 07/04/2012 005.369 17820 Books
free website counter